[Event "Campeonato de Europa 2011 Femenino"]
[Site "Tbilisi GEO"]
[Date "2011.05.12"]
[Round "6.62"]
[White "Imnadze, Nato"]
[Black "Ghukasyan, Siranush"]
[Result "1/2-1/2"]
[WhiteElo "1962"]
[BlackElo "1766"]
[PlyCount "97"]
[EventDate "2011.05.07"]
[EventType "swiss"]
[EventRounds "11"]
[EventCountry "GEO"]
[Source "lmi"]
[SourceDate "2011.05.07"]

1. e4 e5 2. Bc4 Bc5 3. Nf3 Nc6 4. d3 Nf6 5. Nbd2 O-O 6. O-O d6 7. c3 a6 8. Bb3
Ba7 9. h3 Re8 10. Re1 h6 11. Nf1 Ne7 12. Ng3 Ng6 13. d4 Be6 14. Bc2 c6 15. Nf5
Qc7 16. Be3 Rad8 17. Qc1 Bxf5 18. exf5 exd4 19. Nxd4 Nf8 20. Qd2 Kh7 21. Bf4
N8d7 22. Ne6 fxe6 23. fxe6+ Kg8 24. e7 Rc8 25. Bxh6 Ne5 26. Bxg7 Qxe7 27. Bh6
Qf7 28. Qg5+ Kh8 29. Qh4 Nh7 30. Bxh7 Qxf2+ 31. Qxf2 Bxf2+ 32. Kxf2 Kxh7 33.
Be3 Nd3+ 34. Ke2 Nxe1 35. Rxe1 d5 36. Kd3 Kg6 37. g4 Rh8 38. Rh1 Rcf8 39. h4
Rf3 40. h5+ Kf7 41. Ke2 Rg3 42. Rg1 Rxg1 43. Bxg1 Re8+ 44. Kf3 Kf6 45. Be3 Re4
46. Bh6 Kf7 47. Be3 Kf6 48. Bh6 Kf7 49. Be3 1/2-1/2

[Event "Campeonato de Europa 2011 Femenino"]
[Site "Tbilisi GEO"]
[Date "2011.05.12"]
[Round "6.63"]
[White "Shamatava, Ana"]
[Black "Javakhishvili, Mariam"]
[Result "1-0"]
[WhiteElo "1917"]
[BlackElo "1491"]
[PlyCount "43"]
[EventDate "2011.05.07"]
[EventType "swiss"]
[EventRounds "11"]
[EventCountry "GEO"]
[Source "lmi"]
[SourceDate "2011.05.07"]

1. c4 e6 2. d4 d5 3. Nf3 Nf6 4. Nc3 Be7 5. b3 O-O 6. Bf4 Nc6 7. e3 dxc4 8. Bxc4
Nd5 9. Bg3 Bd6 10. Bxd6 Qxd6 11. O-O a6 12. Rc1 b5 13. Bd3 f6 14. Qc2 Nde7 15.
Bxh7+ Kh8 16. Qe4 Nf5 17. Bg6 Bd7 18. Qg4 Nh6 19. Qh5 f5 20. Ng5 Be8 21. Bxe8
Raxe8 22. Qg6 1-0

[Event "Campeonato de Europa 2011 Femenino"]
[Site "Tbilisi GEO"]
[Date "2011.05.12"]
[Round "6.64"]
[White "Gumberidze, Nino"]
[Black "Martirosyan, Lia"]
[Result "0-1"]
[WhiteElo "1664"]
[BlackElo "2093"]
[PlyCount "50"]
[EventDate "2011.05.07"]
[EventType "swiss"]
[EventRounds "11"]
[EventCountry "GEO"]
[Source "lmi"]
[SourceDate "2011.05.07"]

1. e4 c6 2. d4 d5 3. Nd2 dxe4 4. Nxe4 Bf5 5. Ng3 Bg6 6. N1e2 e6 7. Nf4 Bd6 8.
Bc4 Nf6 9. O-O Qc7 10. Nd3 Nbd7 11. f4 O-O-O 12. Qe2 Bxd3 13. Bxd3 h5 14. Ne4
Nxe4 15. Qxe4 Nf6 16. Qf3 Qb6 17. c3 c5 18. Be3 Ng4 19. h3 Nxe3 20. Qxe3 cxd4
21. cxd4 Bc7 22. f5 Rxd4 23. Rfd1 Rhd8 24. Kh1 Qd6 25. g3 Rxd3 0-1

[Event "Campeonato de Europa 2011 Femenino"]
[Site "Tbilisi GEO"]
[Date "2011.05.12"]
[Round "6.65"]
[White "Soyunlu, Narmin Asat qizi"]
[Black "Jalaghonia, Nino"]
[Result "0-1"]
[WhiteElo "1884"]
[BlackElo "1562"]
[PlyCount "92"]
[EventDate "2011.05.07"]
[EventType "swiss"]
[EventRounds "11"]
[EventCountry "GEO"]
[Source "lmi"]
[SourceDate "2011.05.07"]

1. c4 c5 2. g3 Nc6 3. Bg2 g6 4. Nc3 Bg7 5. d3 d6 6. e4 e5 7. Be3 f5 8. Nge2 Nf6
9. Qd2 Be6 10. Nd5 O-O 11. O-O Qd7 12. Nxf6+ Bxf6 13. Rac1 a6 14. f4 Rab8 15.
exf5 Bxf5 16. fxe5 Nxe5 17. d4 cxd4 18. Nxd4 Bh3 19. Kh1 Bxg2+ 20. Qxg2 Ng4 21.
Bg1 Rbe8 22. Rce1 Re5 23. Nf3 Rh5 24. Rd1 Qe6 25. b3 Bg7 26. Rfe1 Qf7 27. Rf1
Qc7 28. Rd5 Rxd5 29. cxd5 Qf7 30. Nd2 Qe7 31. Rxf8+ Qxf8 32. Qf3 Qxf3+ 33. Nxf3
Nf6 34. Ba7 Nxd5 35. Bd4 Bxd4 36. Nxd4 Kf7 37. Kg2 Kf6 38. Nf3 Nc3 39. a4 Ne4
40. Kf1 Nc5 41. Nd2 d5 42. a5 Kf5 43. h3 Ne4 44. g4+ Kf4 45. Ke2 Nxd2 46. Kxd2
Ke4 0-1

[Event "Campeonato de Europa 2011 Femenino"]
[Site "Tbilisi GEO"]
[Date "2011.05.13"]
[Round "7.13"]
[White "Melia, Salome"]
[Black "Rogule, Laura"]
[Result "1-0"]
[WhiteElo "2444"]
[BlackElo "2362"]
[PlyCount "71"]
[EventDate "2011.05.07"]
[EventType "swiss"]
[EventRounds "11"]
[EventCountry "GEO"]
[Source "lmi"]
[SourceDate "2011.05.07"]

1. e4 c6 2. d4 d5 3. exd5 cxd5 4. c4 Nf6 5. Nc3 Nc6 6. Bg5 Be6 7. Bxf6 exf6 8.
c5 g6 9. Bb5 Bg7 10. Nge2 O-O 11. O-O Qc7 12. a3 f5 13. b4 f4 14. f3 Ne7 15.
Bd3 a6 16. Kh1 Rfd8 17. Qd2 Bf5 18. Na4 Bxd3 19. Qxd3 Re8 20. Nec3 Nf5 21. Nb6
Rad8 22. Rae1 Bxd4 23. Ncxd5 Qc6 24. Re4 Be3 25. Qc3 Re6 26. Rd1 Rf8 27. Nd7 f6
28. Rxe6 Qxe6 29. Nxf8 Kxf8 30. Qxf6+ Qxf6 31. Nxf6 Bd4 32. Nxh7+ Ke7 33. Ng5
Kf6 34. Ne4+ Ke5 35. g3 Bb2 36. Rd7 1-0

[Event "Campeonato de Europa 2011 Femenino"]
[Site "Tbilisi GEO"]
[Date "2011.05.13"]
[Round "7.15"]
[White "Bodnaruk, Anastasia"]
[Black "Mikadze, Miranda"]
[Result "1-0"]
[WhiteElo "2419"]
[BlackElo "2351"]
[PlyCount "85"]
[EventDate "2011.05.07"]
[EventType "swiss"]
[EventRounds "11"]
[EventCountry "GEO"]
[Source "lmi"]
[SourceDate "2011.05.07"]

1. e4 d5 2. exd5 Qxd5 3. Nf3 Bg4 4. Be2 Nc6 5. d4 O-O-O 6. c4 Qa5+ 7. Bd2 Qf5
8. Be3 Bxf3 9. Bxf3 Nxd4 10. Bg4 Nc2+ 11. Qxc2 Qxg4 12. O-O a6 13. b4 e5 14. b5
Qe6 15. Qa4 Nf6 16. Nc3 Rd3 17. Rac1 Be7 18. c5 Rxe3 19. c6 Bc5 20. fxe3 Bxe3+
21. Kh1 Kb8 22. Rb1 Bb6 23. bxa6 Qxc6 24. Qb3 bxa6 25. Na4 Ne4 26. Nxb6 cxb6
27. Rxf7 b5 28. Qe3 Rd8 29. Rc1 Qc5 30. Rxc5 Rd1+ 31. Qg1 Rxg1+ 32. Kxg1 Nxc5
33. Rxg7 b4 34. Rxh7 a5 35. Re7 Nd3 36. h4 a4 37. h5 b3 38. axb3 axb3 39. h6 b2
40. h7 b1=Q+ 41. Kh2 Ka8 42. h8=Q+ Qb8 43. Re8 1-0

[Event "Campeonato de Europa 2011 Femenino"]
[Site "Tbilisi GEO"]
[Date "2011.05.13"]
[Round "7.16"]
[White "Mkrtchian, Lilit"]
[Black "Kazimova, Narmin Nizami qizi"]
[Result "1/2-1/2"]
[WhiteElo "2468"]
[BlackElo "2262"]
[PlyCount "118"]
[EventDate "2011.05.07"]
[EventType "swiss"]
[EventRounds "11"]
[EventCountry "GEO"]
[Source "lmi"]
[SourceDate "2011.05.07"]

1. d4 Nf6 2. c4 e6 3. Nc3 Bb4 4. e3 b6 5. Nge2 c5 6. a3 Ba5 7. Rb1 Na6 8. g3
Bb7 9. d5 b5 10. Bg2 bxc4 11. O-O O-O 12. e4 d6 13. Bg5 Nc7 14. e5 dxe5 15.
Bxf6 Qxf6 16. d6 Bxg2 17. Kxg2 Bxc3 18. Nxc3 Rad8 19. Qe2 Nd5 20. Rbd1 Rxd6 21.
Qxc4 Qe7 22. Qxc5 Qb7 23. Kg1 Rc6 24. Qa5 Ra6 25. Qb5 Rb6 26. Qe2 Rxb2 27. Qxe5
Nxc3 28. Qxc3 Rb3 29. Qc5 Qb6 30. Qxb6 axb6 31. Rb1 Rxa3 32. Rxb6 Ra7 33. h4 h5
34. Rfb1 Rfa8 35. R1b5 g6 36. Kg2 Kg7 37. Rb3 Rd7 38. Rb7 Rad8 39. Rxd7 Rxd7
40. Rb5 Ra7 41. Rc5 Kf6 42. Rb5 Ra6 43. Rb7 e5 44. Rc7 Ke6 45. Rb7 Rd6 46. Ra7
f5 47. Ra8 Kf6 48. Rb8 Rc6 49. Ra8 Re6 50. Rf8+ Ke7 51. Ra8 e4 52. Rb8 e3 53.
fxe3 Rxe3 54. Rb6 Re6 55. Rb5 Kf6 56. Kf3 Ra6 57. Rc5 g5 58. hxg5+ Kxg5 59. Rc8
Re6 1/2-1/2

[Event "Campeonato de Europa 2011 Femenino"]
[Site "Tbilisi GEO"]
[Date "2011.05.13"]
[Round "7.18"]
[White "Khukhashvili, Sopiko"]
[Black "Nemcova, Katerina"]
[Result "0-1"]
[WhiteElo "2421"]
[BlackElo "2294"]
[PlyCount "118"]
[EventDate "2011.05.07"]
[EventType "swiss"]
[EventRounds "11"]
[EventCountry "GEO"]
[Source "lmi"]
[SourceDate "2011.05.07"]

1. e4 c5 2. b3 b6 3. Bb2 Bb7 4. Nc3 d6 5. Bb5+ Nd7 6. Nge2 a6 7. Bxd7+ Qxd7 8.
O-O Nf6 9. d3 e6 10. f4 Be7 11. Ng3 h5 12. h3 Qc6 13. Rf2 h4 14. Nf1 O-O-O 15.
Qe2 Rd7 16. e5 Nh5 17. Ne4 d5 18. Ned2 d4 19. Ne4 f5 20. exf6 gxf6 21. Bc1 Bd8
22. f5 Rg7 23. Qf3 Bc7 24. Bd2 Kb8 25. Re1 exf5 26. Qxf5 Bc8 27. Qf3 f5 28. Ng5
Qxf3 29. Nxf3 f4 30. Kh2 Rhg8 31. c3 Bb7 32. b4 Ng3 33. bxc5 bxc5 34. cxd4 cxd4
35. Rb1 Nf5 36. Kg1 Ka8 37. N1h2 Ne3 38. Bxe3 fxe3 39. Rfb2 Bxh2+ 40. Kxh2 Bxf3
41. gxf3 Rc7 42. f4 Rf8 43. Rf1 Rcf7 44. Rb6 Ka7 45. Re6 Rxf4 46. Re1 Rf1 47.
Rxf1 Rxf1 48. a4 Rf2+ 49. Kg1 Rd2 50. Kf1 Rxd3 51. a5 Rd1+ 52. Ke2 Rh1 53. Re4
Rh2+ 54. Ke1 Rxh3 55. Rxd4 Rh1+ 56. Ke2 h3 57. Rh4 h2 58. Rh7+ Kb8 59. Rh6 Ra1
0-1

[Event "Campeonato de Europa 2011 Femenino"]
[Site "Tbilisi GEO"]
[Date "2011.05.13"]
[Round "7.20"]
[White "Guramishvili, Sopiko"]
[Black "Shadrina, Tatiana"]
[Result "1-0"]
[WhiteElo "2299"]
[BlackElo "2397"]
[PlyCount "159"]
[EventDate "2011.05.07"]
[EventType "swiss"]
[EventRounds "11"]
[EventCountry "GEO"]
[Source "lmi"]
[SourceDate "2011.05.07"]

1. d4 d5 2. c4 e6 3. Nc3 Nf6 4. cxd5 exd5 5. Bg5 Be7 6. e3 c6 7. Qc2 Nbd7 8.
Bd3 O-O 9. Nge2 Re8 10. O-O h6 11. Bf4 Nf8 12. Rae1 Ne6 13. Bg3 Bd7 14. f3 c5
15. Qd2 Qb6 16. Kh1 Rad8 17. Be5 Bc6 18. dxc5 Qxc5 19. Nd4 Nd7 20. Nxe6 fxe6
21. Bd4 Qd6 22. f4 Bh4 23. g3 Bf6 24. Bb1 Qe7 25. Qd3 Nf8 26. a3 Rc8 27. Kg1
Red8 28. Ba2 b6 29. Rf2 g6 30. Rc2 Qg7 31. Rec1 Bxd4 32. exd4 Be8 33. Re1 a5
34. Rd2 Kh8 35. Bb3 Qb7 36. a4 Qc7 37. Qe3 Kh7 38. Bc2 Qd6 39. Bd3 Rc7 40. h4
Kg8 41. Bf1 Rg7 42. Bh3 Bd7 43. Qe5 Qb4 44. Ree2 Re8 45. Bg2 Ree7 46. Qb8 Re8
47. Qe5 Kh7 48. Kh2 Bc6 49. h5 Bd7 50. hxg6+ Nxg6 51. Qh5 Rf8 52. Bh3 Qd6 53.
Kh1 Rf6 54. Rh2 Ne7 55. Qe5 Rf8 56. Ne2 Rc8 57. b3 Kg8 58. Rf2 Rg6 59. g4 Nc6
60. Kh2 Qxe5 61. dxe5 Rg7 62. Ng3 Re7 63. Nh5 Be8 64. Nf6+ Kg7 65. g5 hxg5 66.
Rg2 Kf7 67. Rxg5 Nb4 68. Bg4 Rec7 69. Bh5+ Ke7 70. Rg7+ Kd8 71. Rxc7 Rxc7 72.
Bxe8 Rc3 73. Bb5 Rxb3 74. Rg2 Rf3 75. Rg8+ Ke7 76. Re8+ Kf7 77. Bd7 Rxf4 78.
Bxe6+ Kg6 79. Rg8+ Kh6 80. Bf7 1-0

[Event "Campeonato de Europa 2011 Femenino"]
[Site "Tbilisi GEO"]
[Date "2011.05.13"]
[Round "7.21"]
[White "Milliet, Sophie"]
[Black "Khurtsilava, Inga"]
[Result "0-1"]
[WhiteElo "2388"]
[BlackElo "2286"]
[PlyCount "107"]
[EventDate "2011.05.07"]
[EventType "swiss"]
[EventRounds "11"]
[EventCountry "GEO"]
[Source "lmi"]
[SourceDate "2011.05.07"]

1. e4 c6 2. d4 d5 3. Nc3 dxe4 4. Nxe4 Nf6 5. Nxf6+ gxf6 6. Bc4 Bf5 7. Ne2 h5 8.
O-O e6 9. Bd3 Bxd3 10. Qxd3 Bd6 11. Qf3 Nd7 12. c4 Qb8 13. h3 c5 14. d5 Qc7 15.
Nc3 O-O-O 16. Nb5 Qb8 17. Be3 a6 18. Nc3 f5 19. Rad1 Qc7 20. Qe2 e5 21. f4 e4
22. Qf2 Rdg8 23. Kh1 Rg6 24. Rg1 Nf6 25. Rdf1 h4 26. b4 cxb4 27. Bb6 Qxc4 28.
Na4 Qb5 29. Rc1+ Kd7 30. Nc5+ Bxc5 31. Bxc5 Rc8 32. Bd4 Nxd5 33. Rxc8 Kxc8 34.
Qxh4 Qc4 35. Be5 e3 36. Qh5 Ne7 37. Qh8+ Rg8 38. Qh4 Nc6 39. Qh7 Re8 40. Qxf5+
Qe6 41. Qc2 f6 42. Bd4 Qe4 43. Qxe4 Rxe4 44. Bxf6 e2 45. Bh4 Nd4 46. Rc1+ Kd7
47. Kg1 a5 48. Be1 Rxf4 49. Bd2 Re4 50. Kf2 b3 51. axb3 Nxb3 52. Rc2 a4 53. Bc3
Nd4 54. Bxd4 0-1

[Event "Campeonato de Europa 2011 Femenino"]
[Site "Tbilisi GEO"]
[Date "2011.05.13"]
[Round "7.22"]
[White "Matveeva, Svetlana"]
[Black "Gavasheli, Ana"]
[Result "1-0"]
[WhiteElo "2380"]
[BlackElo "2160"]
[PlyCount "135"]
[EventDate "2011.05.07"]
[EventType "swiss"]
[EventRounds "11"]
[EventCountry "GEO"]
[Source "lmi"]
[SourceDate "2011.05.07"]

1. d4 d5 2. c4 e6 3. Nc3 Be7 4. cxd5 exd5 5. Bf4 c6 6. e3 Bd6 7. Bxd6 Qxd6 8.
Bd3 Nf6 9. Qc2 O-O 10. h3 Nbd7 11. Nf3 Re8 12. O-O Qe7 13. Nd2 Nf8 14. Rae1 Bd7
15. b4 a5 16. b5 cxb5 17. Bxb5 Rac8 18. Bxd7 N8xd7 19. Qb3 Qb4 20. Rc1 Qxb3 21.
Nxb3 b6 22. Nb5 g6 23. Nd6 Rxc1 24. Rxc1 Re6 25. Nb5 Kg7 26. Nd2 Nb8 27. Rc8
Nc6 28. a3 Ne7 29. Rc7 Ne8 30. Rb7 Kf8 31. Nb1 Rc6 32. N1c3 h5 33. Rb8 f6 34.
Rd8 Kf7 35. g4 hxg4 36. hxg4 Nc7 37. Nxc7 Rxc3 38. Nxd5 Nxd5 39. Rxd5 Rxa3 40.
Rb5 a4 41. Rxb6 Ra1+ 42. Kg2 a3 43. Ra6 a2 44. Kf3 Ke7 45. Kf4 Kd7 46. g5 Rg1
47. Rxa2 Rxg5 48. e4 Rb5 49. d5 Rb7 50. f3 Ke7 51. Ra3 Kf7 52. Ke3 g5 53. Kd4
Rb1 54. Kc5 Rd1 55. Kd6 Rf1 56. e5 fxe5 57. Kxe5 Ke7 58. Ra7+ Ke8 59. Ke6 Re1+
60. Kd6 Re3 61. Rg7 Rxf3 62. Rg8+ Kf7 63. Rxg5 Ra3 64. Re5 Ra6+ 65. Kc7 Ra7+
66. Kb6 Ra1 67. d6 Rb1+ 68. Kc7 1-0

[Event "Campeonato de Europa 2011 Femenino"]
[Site "Tbilisi GEO"]
[Date "2011.05.13"]
[Round "7.23"]
[White "Janjghava, Natia"]
[Black "Lomineishvili, Maia"]
[Result "1/2-1/2"]
[WhiteElo "2291"]
[BlackElo "2376"]
[PlyCount "95"]
[EventDate "2011.05.07"]
[EventType "swiss"]
[EventRounds "11"]
[EventCountry "GEO"]
[Source "lmi"]
[SourceDate "2011.05.07"]

1. c4 e5 2. Nc3 c5 3. g3 Nc6 4. Bg2 g6 5. d3 Bg7 6. e4 d6 7. Nge2 f5 8. O-O Nf6
9. f4 O-O 10. Nd5 fxe4 11. dxe4 Bg4 12. h3 Bxe2 13. Qxe2 Nd4 14. Nxf6+ Qxf6 15.
Qd3 exf4 16. Bxf4 Rae8 17. Rab1 Qe7 18. a3 Be5 19. b4 b6 20. Kh2 h5 21. Kh1 Kh7
22. Bd2 Rxf1+ 23. Rxf1 Rf8 24. Bc3 Rxf1+ 25. Bxf1 Qf6 26. Kg2 Ne6 27. Bxe5 Qxe5
28. Qd5 Qb2+ 29. Kg1 Qd4+ 30. Kg2 Qb2+ 31. Kg1 Ng7 32. Qxd6 Qxa3 33. b5 Qe3+
34. Kh2 Qxe4 35. Bd3 Qe6 36. Qxe6 Nxe6 37. h4 Kg7 38. g4 Nf4 39. Bc2 Kf6 40.
g5+ Kf7 41. Kg3 Ne6 42. Be4 Nf8 43. Kf4 Ke6 44. Bd5+ Kd6 45. Be4 Ne6+ 46. Ke3
Nf8 47. Kf4 Ne6+ 48. Ke3 1/2-1/2

[Event "Campeonato de Europa 2011 Femenino"]
[Site "Tbilisi GEO"]
[Date "2011.05.13"]
[Round "7.24"]
[White "Charkhalashvili, Inga"]
[Black "Bulmaga, Irina"]
[Result "1/2-1/2"]
[WhiteElo "2373"]
[BlackElo "2284"]
[PlyCount "156"]
[EventDate "2011.05.07"]
[EventType "swiss"]
[EventRounds "11"]
[EventCountry "GEO"]
[Source "lmi"]
[SourceDate "2011.05.07"]

1. d4 Nf6 2. c4 e6 3. Nf3 d5 4. Nc3 Be7 5. Bg5 h6 6. Bh4 O-O 7. e3 b6 8. cxd5
Nxd5 9. Bxe7 Qxe7 10. Nxd5 exd5 11. Rc1 Be6 12. Bd3 c5 13. dxc5 bxc5 14. O-O
Nd7 15. Qa4 Rfb8 16. Bb5 Nb6 17. Qa3 Nc4 18. Bxc4 dxc4 19. Ne5 Bd5 20. Nxc4 Qe6
21. Nd2 Bxg2 22. Kxg2 Qd5+ 23. Nf3 Qe4 24. Rg1 Qg4+ 25. Kf1 Qxf3 26. Qc3 g6 27.
Qc2 Rb6 28. b3 Rd8 29. Qe2 Qh3+ 30. Rg2 h5 31. Kg1 Rbd6 32. Rg3 Qf5 33. Qf3 Qe5
34. h4 Rf6 35. Qe2 Rf5 36. Qc2 Qf6 37. Kg2 Kh7 38. Rh1 c4 39. Rf1 cxb3 40. axb3
Qxh4 41. Ra1 a5 42. Ra4 Qf6 43. Rc4 Rd7 44. Ra4 Kg7 45. Rc4 h4 46. Rh3 Qg5+ 47.
Kf1 Rfd5 48. Qc3+ f6 49. Rcxh4 Rd1+ 50. Ke2 Qb5+ 51. Qc4 R7d2+ 52. Kf3 Qf5+ 53.
Qf4 Qxf4+ 54. Rxf4 Rb1 55. Rc4 g5 56. Rc7+ Kg6 57. Rhh7 Rxb3 58. Rhg7+ Kh6 59.
Rh7+ Kg6 60. Rhg7+ Kf5 61. Rc5+ Ke6 62. Rxa5 Rbb2 63. Ra6+ Ke5 64. Ra5+ Kd6 65.
Ra6+ Kc5 66. Rc7+ Kb5 67. Rcc6 Rxf2+ 68. Kg4 Rg2+ 69. Kh5 Rbe2 70. Rab6+ Ka5
71. Ra6+ Kb4 72. Rab6+ Ka5 73. Rxf6 Rxe3 74. Rb1 Rh3+ 75. Kg6 Rh8 76. Rf7 Ka6
77. Rf3 Ra2 78. Rf6+ Ka7 1/2-1/2

[Event "Campeonato de Europa 2011 Femenino"]
[Site "Tbilisi GEO"]
[Date "2011.05.13"]
[Round "7.25"]
[White "Krivec, Jana"]
[Black "Purtseladze, Maka"]
[Result "1/2-1/2"]
[WhiteElo "2296"]
[BlackElo "2352"]
[PlyCount "95"]
[EventDate "2011.05.07"]
[EventType "swiss"]
[EventRounds "11"]
[EventCountry "GEO"]
[Source "lmi"]
[SourceDate "2011.05.07"]

1. e4 c6 2. d4 d5 3. exd5 cxd5 4. c4 Nf6 5. Nc3 Nc6 6. Nf3 Be6 7. Bg5 Ne4 8.
Nxe4 dxe4 9. d5 exf3 10. dxe6 Qa5+ 11. Qd2 Qe5+ 12. Qe3 Rd8 13. Qxe5 Nxe5 14.
Rd1 fxe6 15. Rxd8+ Kxd8 16. b3 g6 17. Be3 Bg7 18. Bxa7 Kc7 19. Be3 Ra8 20. a4
Nc6 21. gxf3 Na5 22. Bh3 e5 23. O-O Nxb3 24. Rd1 Nd4 25. f4 Rxa4 26. fxe5 Nf3+
27. Kg2 Nxe5 28. Bf4 Rxc4 29. Rd7+ Kc6 30. Bxe5 Bxe5 31. Rxe7 Bd4 32. Rxh7 Rc2
33. Rf7 b5 34. Be6 Kd6 35. Bb3 Rb2 36. Bd1 b4 37. Ba4 Ke6 38. Rf3 Ke5 39. Kg3
Ra2 40. Bb3 Ra1 41. Kg2 g5 42. Rg3 Rb1 43. Rxg5+ Kf4 44. Rg3 Rb2 45. Rf3+ Ke4
46. Bf7 Rxf2+ 47. Rxf2 Bxf2 48. Kxf2 1/2-1/2

[Event "Campeonato de Europa 2011 Femenino"]
[Site "Tbilisi GEO"]
[Date "2011.05.13"]
[Round "7.27"]
[White "Arabidze, Meri"]
[Black "Kochetkova, Julia"]
[Result "1/2-1/2"]
[WhiteElo "2277"]
[BlackElo "2341"]
[PlyCount "101"]
[EventDate "2011.05.07"]
[EventType "swiss"]
[EventRounds "11"]
[EventCountry "GEO"]
[Source "lmi"]
[SourceDate "2011.05.07"]

1. d4 Nf6 2. c4 e6 3. Nf3 d5 4. Bg5 Be7 5. e3 O-O 6. Nc3 b6 7. cxd5 exd5 8. Bd3
Bb7 9. Qc2 Nbd7 10. O-O a6 11. Bf4 Re8 12. Rad1 Nf8 13. h3 Bd6 14. Bxd6 Qxd6
15. Ne5 Ng6 16. f4 c5 17. Bxg6 hxg6 18. Rfe1 Rac8 19. dxc5 bxc5 20. Na4 d4 21.
Qb3 Bd5 22. Qb6 Qxb6 23. Nxb6 Rb8 24. Nxd5 Nxd5 25. Nc4 Nxe3 26. Nxe3 Rxe3 27.
Rxe3 dxe3 28. b3 Rb4 29. g3 Rd4 30. Re1 Rd2 31. Rxe3 Rxa2 32. Rc3 Ra3 33. Rxc5
Rxb3 34. Rc8+ Kh7 35. Kg2 a5 36. Ra8 Rb5 37. Kf3 g5 38. fxg5 Rxg5 39. Ra7 Kg6
40. Kf4 Rb5 41. g4 Rb4+ 42. Kg3 a4 43. h4 f6 44. Kf3 Rb3+ 45. Kf4 a3 46. Ke4
Kh6 47. Kf4 Rh3 48. Ra6 Kg6 49. Ra7 Rxh4 50. Rxa3 Rh1 51. Kg3 1/2-1/2

[Event "Campeonato de Europa 2011 Femenino"]
[Site "Tbilisi GEO"]
[Date "2011.05.13"]
[Round "7.28"]
[White "Abdulla, Khayala Mardan qizi"]
[Black "Charochkina, Daria"]
[Result "1-0"]
[WhiteElo "2168"]
[BlackElo "2320"]
[PlyCount "53"]
[EventDate "2011.05.07"]
[EventType "swiss"]
[EventRounds "11"]
[EventCountry "GEO"]
[Source "lmi"]
[SourceDate "2011.05.07"]

1. e4 c5 2. Nf3 d6 3. d4 cxd4 4. Nxd4 Nf6 5. Nc3 Nc6 6. Bc4 e6 7. Bb3 Be7 8.
Be3 O-O 9. f4 e5 10. Nxc6 bxc6 11. f5 Bb7 12. Qf3 d5 13. exd5 cxd5 14. O-O-O e4
15. Qe2 Rc8 16. Bd4 Bc5 17. g4 Bxd4 18. Rxd4 Qb6 19. Rhd1 Ba6 20. Qg2 Rxc3 21.
bxc3 e3 22. Qf3 e2 23. Re1 Rc8 24. Bxd5 Nxd5 25. Qxd5 h6 26. Rd2 Qf6 27. Qd6
1-0

[Event "Campeonato de Europa 2011 Femenino"]
[Site "Tbilisi GEO"]
[Date "2011.05.13"]
[Round "7.29"]
[White "Ibrahimova, Sabina Oqtay qizi"]
[Black "Pogonina, Natalija"]
[Result "0-1"]
[WhiteElo "2078"]
[BlackElo "2448"]
[PlyCount "60"]
[EventDate "2011.05.07"]
[EventType "swiss"]
[EventRounds "11"]
[EventCountry "GEO"]
[Source "lmi"]
[SourceDate "2011.05.07"]

1. d4 Nf6 2. Nf3 c5 3. d5 b5 4. a4 bxa4 5. Rxa4 g6 6. Nc3 Bg7 7. e4 d6 8. Be2
O-O 9. O-O Nbd7 10. Nd2 Nb6 11. Ra2 e6 12. Nc4 exd5 13. exd5 Nxc4 14. Bxc4 Ng4
15. Be2 Ne5 16. f4 Nd7 17. Nb5 Qb6 18. Na3 Nf6 19. Nc4 Qc7 20. c3 a5 21. Be3
Rb8 22. Bf2 Bb7 23. Bf3 Ba6 24. Qd3 Qb7 25. Rfa1 Qb3 26. Ra4 Bxc4 27. Qxc4 Qxb2
28. R4a2 Qb6 29. h3 Rfd8 30. Qa4 Ra8 0-1

[Event "Campeonato de Europa 2011 Femenino"]
[Site "Tbilisi GEO"]
[Date "2011.05.13"]
[Round "7.30"]
[White "Olsarova, Tereza"]
[Black "Zhukova, Natalia"]
[Result "0-1"]
[WhiteElo "2234"]
[BlackElo "2428"]
[PlyCount "88"]
[EventDate "2011.05.07"]
[EventType "swiss"]
[EventRounds "11"]
[EventCountry "GEO"]
[Source "lmi"]
[SourceDate "2011.05.07"]

1. e4 e6 2. Nf3 d5 3. e5 c5 4. b4 d4 5. bxc5 Bxc5 6. Ba3 Qa5 7. Bxc5 Qxc5 8. c3
Nc6 9. cxd4 Nxd4 10. Qa4+ Bd7 11. Qxd4 Qc1+ 12. Ke2 Bb5+ 13. Ke3 Bxf1 14. Qc3
Qd1 15. Qd3 Qxf3+ 16. gxf3 Bxd3 17. Kxd3 Ne7 18. Rc1 Nc6 19. Rc5 O-O 20. Na3 f6
21. Nc4 fxe5 22. Nxe5 Rf5 23. f4 Nb4+ 24. Ke2 Nd5 25. Rac1 Nxf4+ 26. Kf1 Rxe5
27. Rxe5 Nd3 28. Rec5 Nxc1 29. Rxc1 Rd8 30. Ke2 Rd7 31. Ke3 Kf7 32. d4 Ke7 33.
Rc8 Kd6 34. Kd3 Rf7 35. Ke3 Rc7 36. Rg8 Rc3+ 37. Ke4 g6 38. f3 Ra3 39. Rg7 b5
40. Rb7 Kc6 41. Rxh7 Rxa2 42. Rh6 Rg2 43. h4 b4 44. h5 b3 0-1

[Event "Campeonato de Europa 2011 Femenino"]
[Site "Tbilisi GEO"]
[Date "2011.05.13"]
[Round "7.33"]
[White "Yildiz, Betul Cemre"]
[Black "Szczepkowska-Horowska, Karina"]
[Result "1-0"]
[WhiteElo "2219"]
[BlackElo "2336"]
[PlyCount "125"]
[EventDate "2011.05.07"]
[EventType "swiss"]
[EventRounds "11"]
[EventCountry "GEO"]
[Source "lmi"]
[SourceDate "2011.05.07"]

1. e4 g6 2. d4 Bg7 3. c4 d6 4. Nc3 Nf6 5. f3 O-O 6. Be3 Nbd7 7. Bd3 e5 8. Nge2
Nh5 9. Qd2 exd4 10. Nxd4 Nc5 11. O-O-O a6 12. Be2 Ne6 13. Nb3 a5 14. g4 Nf6 15.
Na1 Nd7 16. h4 a4 17. Nc2 Re8 18. g5 b6 19. Kb1 Ra5 20. Nd4 Nxd4 21. Bxd4 Bxd4
22. Qxd4 Bb7 23. f4 Qe7 24. Bf3 a3 25. b3 Qf8 26. h5 Qg7 27. hxg6 fxg6 28. Qd2
Nc5 29. Rde1 Ne6 30. Nd5 Rf8 31. e5 Kh8 32. Nf6 Bxf3 33. Rxh7+ Qxh7 34. Nxh7
Kxh7 35. exd6 Bg4 36. dxc7 Nxf4 37. Qd8 Ra8 38. Qd6 Bf5+ 39. Ka1 Ne6 40. Qxb6
Rf7 41. Rh1+ Kg8 42. Qb8+ Rf8 43. Qb7 Nxg5 44. Qd5+ Ne6 45. b4 Rac8 46. Qe5 Ng7
47. b5 Rfe8 48. Qg3 Re2 49. b6 Rb2 50. c5 Re8 51. Qxa3 Rb5 52. Qc3 Re4 53. Qd3
Reb4 54. Qxf5 Nxf5 55. c8=Q+ Kf7 56. Qd7+ Kf6 57. Qd8+ Ke5 58. Re1+ Kf4 59.
Qd2+ Kf3 60. c6 Nd4 61. Qd3+ Kf4 62. Re4+ Kg5 63. Rxd4 1-0

[Event "Campeonato de Europa 2011 Femenino"]
[Site "Tbilisi GEO"]
[Date "2011.05.13"]
[Round "7.36"]
[White "Mammadova, Gulnar Marfat qizi"]
[Black "Isgandarova, Khayala Ilqar qizi"]
[Result "0-1"]
[WhiteElo "2312"]
[BlackElo "2143"]
[PlyCount "72"]
[EventDate "2011.05.07"]
[EventType "swiss"]
[EventRounds "11"]
[EventCountry "GEO"]
[Source "lmi"]
[SourceDate "2011.05.07"]

1. c4 e5 2. Nc3 Nf6 3. e4 g6 4. d3 Bg7 5. g3 O-O 6. Bg2 c6 7. f4 exf4 8. Bxf4
d5 9. Nge2 dxc4 10. dxc4 Qb6 11. c5 Qxc5 12. Bd6 Qb6 13. Bxf8 Bxf8 14. Qd4 c5
15. Qd2 c4 16. Nf4 Nbd7 17. Nfd5 Qc5 18. O-O-O Ng4 19. Kb1 Nb6 20. Qf4 Be6 21.
Nf6+ Nxf6 22. Qxf6 Nd7 23. Qd4 Qa5 24. Nd5 Bg7 25. Qxc4 Nb6 26. Qb3 Na4 27.
Qxb7 Re8 28. Qc7 Qb5 29. b3 Bxd5 30. Rxd5 Qe2 31. Qc2 Nc3+ 32. Kc1 Nxa2+ 33.
Kb1 Nc3+ 34. Kc1 Bh6+ 35. Kb2 Qxc2+ 36. Kxc2 Nxd5 0-1